|
|
|
|
| LEADER |
00000cam a2200000 a 4500 |
| 001 |
vtls001108350 |
| 003 |
SK-MaSNL |
| 005 |
20260301055435.0 |
| 008 |
250313s1980 xo a np 000 0 slo |
| 015 |
|
|
|a SNBA1980
|
| 035 |
|
|
|a SNK000051192
|
| 035 |
|
|
|a urn:nbn:sk:snk-aml4b6
|
| 035 |
|
|
|a urn:nbn:sk:snk-am008wu8
|
| 035 |
|
|
|a 58F0F38C-FCF4-4F69-A0DE-535AE4779FA2
|
| 040 |
|
|
|a SNK
|b slo
|c SNK
|e AACR2
|
| 041 |
0 |
|
|a slo
|
| 044 |
|
|
|a xo
|c SK
|
| 080 |
|
|
|a 531.3(075.8)
|2 1981
|
| 100 |
1 |
|
|a Stradiot, Juraj
|4 aut
|9 5201
|
| 245 |
1 |
0 |
|a Dynamika
|c Juraj Stradiot, Milan Michalíček, Ondrej Záhorec
|
| 250 |
|
|
|a 2. vyd.
|
| 260 |
|
|
|a Bratislava
|b Slovenská vysoká škola technická
|c 1980
|
| 300 |
|
|
|a 219 s.
|b sch.
|c 29 cm
|
| 366 |
|
|
|e 1600 výt.
|
| 500 |
|
|
|a Schválil Rektorát SVŠT v Bratislave ako skriptum
|
| 504 |
|
|
|a Bibliogr.
|
| 650 |
0 |
7 |
|a dynamika
|2 SNKPH
|9 3623
|
| 655 |
|
7 |
|a učebnice vysokých škôl
|2 SNKPH
|9 70191
|
| 700 |
1 |
|
|a Michalíček, Milan
|4 aut
|9 41712
|
| 700 |
1 |
|
|a Záhorec, Ondrej,
|d 1939-
|4 aut
|9 219114
|
| 852 |
|
|
|a Slovenská národná knižnica
|
| 958 |
|
|
|a OND
|
| 958 |
|
|
|a NB
|
| 999 |
|
|
|c 613359
|d 615289
|
| 952 |
|
|
|t P60, <04>, [BOOK], {604}
|a SNK
|b SNK
|y VYP
|7 0
|p 17A0065947
|o snkSB 29736 D1
|i snkKSP 3126/80
|0 0
|1 0
|4 0
|d 1997-05-02
|l 0
|r 2004-12-31 00:00:00
|w 2026-02-23
|
| 952 |
|
|
|a SNK
|b SNK
|y PREZ
|7 0
|p 17A0987287
|o snkSB 29736
|i snkKSP 3125/80
|0 0
|1 0
|4 0
|d 2012-07-30
|f 1
|l 0
|r 2025-04-02 00:00:00
|w 2026-02-23
|